| 000 | 00349cam a22001097a 4500 | ||
|---|---|---|---|
| 008 | 180718b1947 xxu||||| |||| 00| 0 eng d | ||
| 082 | _aA75 P969A/1947 | ||
| 100 | _aMacfarquhar, A. | ||
| 245 |
_aPunjab district gazetteers: Amritsar (statistical tables) _cby A. Macfarquhar |
||
| 260 |
_aChandigarh _bPunjab District gazetteers _c1947 |
||
| 300 | _a267+p. | ||
| 999 |
_c487372 _d487372 |
||